Matching: Countries per Continent Quiz Stats

Quiz Updated Sep 9, 2014

Challenge
Share
Tweet
Score 0/6 Timer 01:30
11 Plays Today
% Correct
Kosovo
80.6%
Ecuador
79.4%
Zambia
78.2%
Jamaica
73.4%
Nepal
68.3%
Fiji
67.3%

You're not logged in!

Compare scores with friends on all Sporcle quizzes.
Join for Free
OR
Log In

You Might Also Like...

Show Comments

Extras

Top Quizzes Today


Score Distribution

Your Account Isn't Verified!

In order to create a playlist on Sporcle, you need to verify the email address you used during registration. Go to your Sporcle Settings to finish the process.

Report this User

Report this user for behavior that violates our Community Guidelines.

Details: